[Event "AUTO-INT-136"]
[Site "http://www.queenalice.com/game.php?id=95088"]
[Date "2006.8.12"]
[Round "1"]
[White "Antoine"]
[Black "xmas"]
[Result "0-1"]
[WhiteElo "1360"]
[BlackElo "1206"]

1. e4 d5 2. Nc3 Nf6 3. Nf3 dxe4 4. Ne5 Nc6 5. Nxc6 Qd6 6. Na5 b6 7. Nc4 Qd7 8.
Ne3 Bb7 9. d4 exd3 10. cxd3 e6 11. d4 Bb4 12. a4 Ne4 13. Bb5 Bc6 14. Qg4 Nxc3
15. Qxg7 O-O-O 16. Bd2 Nd5 17. Rc1 Bxb5 18. axb5 Bxd2+ 19. Kxd2 f5 20. Qe5 f4
21. Nc4 Qxb5 22. Qxe6+ Kb8 23. Kc2 Qxc4+ 24. Kb1 Nc3+ 25. Rxc3 Qxe6 26. Rhc1
Qe4+ 27. Ka2 Qd5+ 28. b3 Rc8 29. g3 Qxd4 30. Rc4 Qxf2+ 31. R1c2 Qe3 32. g4 f3
33. h4 Rhd8 34. R4c3 Qf4 35. h5 Rd2 36. Kb2 f2 37. Kc1 f1=Q+ 38. Kb2 Rxc2+ 39.
Rxc2 Qe4 40. g5 Qfe2 41. Rxe2 Qxe2+ 42. Kc3 Qe3+ 43. Kb4 Qc5+ 44. Ka4 Qa5# 0-1

[Event "AUTO-INT-136"]
[Site "http://www.queenalice.com/game.php?id=95089"]
[Date "2006.8.12"]
[Round "1"]
[White "xmas"]
[Black "Antoine"]
[Result "0-1"]
[WhiteElo "1228"]
[BlackElo "1360"]

1. e4 d5 2. e5 Nc6 3. d4 g6 4. Nf3 Bg4 5. Be2 Bg7 6. Nc3 f6 7. Bb5 Nh6 8. Bf4
O-O 9. O-O g5 10. Be3 a6 11. Ba4 b5 12. exf6 Bxf6 13. Qd3 Bf5 14. Qd1 bxa4 15.
Nxa4 Qe8 16. Nc5 Qg6 17. Nd7 Rfd8 18. Nxf6+ exf6 19. Qe2 Rab8 20. Qxa6 Rb6 21.
Qa3 Nb4 22. Qa7 Rc8 23. Qa5 Be6 24. c3 Nc6 25. Qa3 Re8 26. Qa4 Bd7 27. g3 Ne7
28. Qxd7 c6 29. Qe6+ Kf8 30. Qd6 Rxb2 31. a4 Qd3 32. Qxf6+ Nf7 33. Ne5 Qf5 34.
Qxf7+ Qxf7 35. Nxf7 Kxf7 36. Bxg5 Nf5 37. Bc1 Rbe2 38. Ba3 h5 39. Rae1 Rxe1 40.
a5 R1e2 41. a6 Ra2 42. f3 Rxa3 43. Kf2 Rxc3 44. a7 Rc2+ 45. Kg1 Ra8 46. Ra1 Nxd4
47. h3 Nxf3+ 48. Kf1 d4 49. g4 hxg4 50. hxg4 Rh8 51. a8=Q Rh1# 0-1

[Event "AUTO-INT-141"]
[Site "http://www.queenalice.com/game.php?id=97313"]
[Date "2006.8.19"]
[Round "1"]
[White "Antoine"]
[Black "diegmr"]
[Result "1-0"]
[WhiteElo "1562"]
[BlackElo "1832"]

1. e4 e5 2. d4 exd4 3. Qxd4 Nc6 4. Qd1 Nf6 5. Bg5 h6 6. Bxf6 Qxf6 7. Nf3 Qxb2 8.
Nbd2 d6 9. Nc4 Qc3+ 10. Nfd2 Be7 11. a4 O-O 12. Ra3 Qb4 13. Be2 Be6 14. Qb1
Qxb1+ 15. Nxb1 Nd4 16. Ne3 d5 17. exd5 Bd7 18. Ra2 c6 19. Bd3 Rac8 20. Rb2 b6
21. c3 cxd5 22. cxd4 Rc1+ 23. Nd1 Bxa4 24. Nc3 Rc8 25. Nxa4 Ba3 26. Rb3 Bd6 27.
O-O Ra1 28. Nac3 Bf4 29. Nxd5 Bg5 30. f4 Bh4 31. Rc3 Rxc3 32. N1xc3 Ra3 33. g3
Bd8 34. Re1 Bf6 35. Re8# 1-0

[Event "AUTO-INT-141"]
[Site "http://www.queenalice.com/game.php?id=97314"]
[Date "2006.8.19"]
[Round "1"]
[White "diegmr"]
[Black "Antoine"]
[Result "0-1"]
[WhiteElo "1713"]
[BlackElo "1589"]

1. d4 Nf6 2. c4 Nc6 3. Nf3 d5 4. cxd5 Qxd5 5. Nc3 Qh5 6. Bf4 Qa5 7. e3 b5 8.
Bxb5 Bd7 9. O-O a6 10. Bd3 e6 11. Qc2 Nb4 12. a3 Nxc2 13. Bxc2 Ng4 14. h3 Nf6
15. b4 Qb6 16. Rfc1 Bd6 17. Bxd6 cxd6 18. Ba4 Bxa4 19. Nxa4 Qb7 20. Nb2 O-O 21.
Nc4 Ne4 22. Na5 Qb5 23. Rc6 Rfc8 24. Rac1 Rxc6 25. Nxc6 Qa4 26. Ne7+ Kf8 27. Nc6
Qxa3 28. Rb1 Nxf2 29. Kxf2 Qa2+ 30. Kg3 Qxb1 31. Ng5 Qg6 32. Kg4 h6 33. h4 hxg5
34. hxg5 Qe4+ 0-1

[Event "AUTO-INT-141"]
[Site "http://www.queenalice.com/game.php?id=97315"]
[Date "2006.8.19"]
[Round "1"]
[White "Antoine"]
[Black "Aaron_tan"]
[Result "1-0"]
[WhiteElo "1425"]
[BlackElo "1611"]

1. e4 c5 2. d4 e6 3. Nf3 Nc6 4. d5 exd5 5. exd5 Nce7 6. c4 g6 7. a4 d6 8. Bg5
Bg7 9. Qd2 Bf5 10. Nc3 h6 11. Be3 Nf6 12. Nb5 a6 13. Nc3 O-O 14. Rb1 Bxb1 15.
Nxb1 Nf5 16. b3 Qc7 17. Nc3 Rfe8 18. Bd3 Nd4 19. Qd1 Qa5 20. Kd2 Nxb3+ 21. Qxb3
Rab8 22. h4 Ne4+ 23. Bxe4 Rxe4 24. Kd3 Ree8 25. Bf4 Red8 26. Rb1 Rd7 27. Ne4 Qc7
28. Qb6 Qxb6 29. Rxb6 1-0

[Event "AUTO-INT-141"]
[Site "http://www.queenalice.com/game.php?id=97316"]
[Date "2006.8.19"]
[Round "1"]
[White "Aaron_tan"]
[Black "Antoine"]
[Result "1-0"]
[WhiteElo "1644"]
[BlackElo "1406"]

1. e4 d5 2. exd5 Qxd5 3. Nc3 Qd6 4. d3 e5 5. g3 Nf6 6. Bg2 Nc6 7. f4 Nd4 8. Nge2
Bg4 9. O-O c5 10. Bxb7 Rb8 11. Bg2 a5 12. h3 Bxe2 13. Nxe2 Qb6 14. c3 Nxe2+ 15.
Qxe2 Bd6 16. fxe5 O-O 17. exf6 gxf6 18. Bh6 Rfe8 19. Qg4+ Kh8 20. Qg7# 1-0

[Event "AUTO-INT-141"]
[Site "http://www.queenalice.com/game.php?id=97318"]
[Date "2006.8.19"]
[Round "1"]
[White "Sagat"]
[Black "Antoine"]
[Result "0-1"]
[WhiteElo "1613"]
[BlackElo "1400"]

1. e4 e5 2. b3 Bb4 3. Bc4 a6 4. Qg4 b5 5. Qxg7 Qf6 6. Qxf6 Nxf6 7. Bd3 d6 8. h3
h5 9. c4 Rg8 10. cxb5 a5 11. Ba3 Rxg2 12. Bxb4 axb4 13. Nf3 d5 14. exd5 Nbd7 15.
Bf5 e4 16. Nh4 Rg5 17. Bxd7+ Bxd7 18. f3 Bxb5 19. Kf2 Rxd5 20. Ke3 Bd3 21. a4 c5
22. Rg1 Kf8 23. fxe4 Nxe4 24. Ng2 Rd6 25. Nf4 Bc2 26. d3 Nf6 27. Rc1 Bxb3 28.
Nd2 Re8+ 29. Kf3 Bd5+ 30. Nxd5 Rxd5 31. Ne4 Rxd3+ 32. Ke2 Rxh3 33. Rxc5 Rxe4+
34. Kd2 Rd4+ 35. Kc2 b3+ 0-1

[Event "AUTO-INT-88"]
[Site "http://www.queenalice.com/game.php?id=111761"]
[Date "2006.9.30"]
[Round "2"]
[White "klitzke"]
[Black "Antoine"]
[Result "0-1"]
[WhiteElo "1691"]
[BlackElo "1516"]

1. e4 e5 2. d4 exd4 3. Qxd4 Nc6 4. Qd1 Nf6 5. Nc3 Bb4 6. Bc4 Nxe4 7. Qf3 Nd6 8.
Bd5 O-O 9. Ne2 Qe7 10. O-O Ne5 11. Qg3 Nf5 12. Qf4 Nh4 13. Re1 Bd6 14. Qd4 c6
15. Be4 c5 16. Qd5 a5 17. Bf4 Ra6 18. Nb5 c4 19. Nxd6 Rxd6 20. Qxe5 Re6 21.
Bxh7+ Kxh7 22. Qh5+ Kg8 23. Bg5 g6 24. Qxh4 Qc5 25. Be3 Qb4 26. Bd4 f6 27. Bc3
Qe7 28. Nf4 g5 29. Ng6 Rxe1+ 30. Bxe1 Qxe1+ 31. Rxe1 gxh4 32. Nxf8 Kxf8 33. Re4
d5 34. Rxh4 Kg7 35. c3 Bf5 36. g4 Be4 37. f4 b5 38. Rh3 b4 39. cxb4 axb4 40. Rg3
d4 41. Kf2 Bb1 42. a3 b3 43. Ke2 c3 44. bxc3 b2 45. cxd4 Bd3+ 46. Rxd3 b1=Q 47.
d5 Qc2+ 48. Ke3 Qc1+ 49. Ke4 Qh1+ 50. Kf5 Qxh2 51. Re3 Qc2+ 52. Ke6 Qc8+ 53. Ke7
Qc5+ 54. Kd7 Qxd5+ 55. Ke8 Qa8+ 56. Kd7 Qa7+ 0-1

[Event "AUTO-INT-88"]
[Site "http://www.queenalice.com/game.php?id=111762"]
[Date "2006.9.30"]
[Round "2"]
[White "Antoine"]
[Black "klitzke"]
[Result "1-0"]
[WhiteElo "1448"]
[BlackElo "1638"]

1. d4 d5 2. Nf3 Nf6 3. Nc3 Nc6 4. e3 a6 5. a4 Nb4 6. Bd3 e6 7. b3 Nxd3+ 8. Qxd3
c6 9. O-O h6 10. Ne5 g5 11. Qe2 Bd6 12. Ba3 b6 13. Nxc6 Qc7 14. Bxd6 Qxc6 15.
Be5 a5 16. Nb5 Ke7 17. Qf3 Ne4 18. Bxh8 f6 19. Qh5 Bd7 20. Rac1 Rxh8 21. c4 dxc4
22. Rxc4 Qd5 23. Qg6 Rf8 24. Nc7 Qd6 25. Qxe4 f5 26. Qd3 Rd8 27. f3 e5 28. Re1
Bc6 29. Na6 b5 30. Rc5 Bd5 31. Nc7 Bc6 32. Qxf5 Qf6 33. Rxe5+ Kf7 34. Qh7+ Qg7
35. Rf5+ 1-0

[Event "Challenge"]
[Site "http://www.queenalice.com/game.php?id=121500"]
[Date "2006.10.25"]
[Round "-"]
[White "Antoine"]
[Black "Guillaume"]
[Result "1-0"]
[WhiteElo "1503"]
[BlackElo "1436"]

1. e4 e5 2. Nc3 Nf6 3. Nf3 Nc6 4. d4 d5 5. Bb5 Bb4 6. Nxe5 Nxe4 7. Nxc6 Qd7 8.
Nxb4 c6 9. Bd3 O-O 10. Bxe4 dxe4 11. Nxe4 Re8 12. Qe2 Qxd4 13. c3 Qxe4 14. Qxe4
Rxe4+ 15. Be3 Bf5 16. O-O c5 17. Nd5 Kf8 18. Bxc5+ Kg8 19. Ne7+ Kf8 20. Nxf5+
Ke8 21. Nd6+ Kd7 22. Nxe4 Kc6 23. Rad1 Re8 24. Rd6+ Kb5 25. Rd4 Re6 26. c4+ Kc6
27. Bxa7 f5 28. Ng5 Rh6 29. g3 Rh5 30. f4 b6 31. a4 h6 32. Nf7 Kc5 33. a5 Kxd4
34. axb6 Kxc4 35. b7 Kd5 36. b8=Q Ke6 37. Nd8+ Kd5 38. Rd1+ Ke4 39. Qb7# 1-0

[Event "Challenge"]
[Site "http://www.queenalice.com/game.php?id=121562"]
[Date "2006.10.25"]
[Round "-"]
[White "Guillaume"]
[Black "Antoine"]
[Result "0-1"]
[WhiteElo "1453"]
[BlackElo "1488"]

1. e4 d5 2. exd5 Qxd5 3. c4 Qd6 4. d4 Nf6 5. c5 Qc6 6. Nf3 b6 7. Ne5 Qe4+ 8. Qe2
e6 9. Bg5 Qxd4 10. Bxf6 gxf6 11. Nf3 Qxc5 12. Qe4 Qc1+ 13. Ke2 Ba6+ 14. Qd3
Bxd3+ 15. Kxd3 Qxb2 16. Nfd2 Qxa1 17. Nc3 Nc6 18. g3 Rd8+ 19. Kc2 Qe1 20. Bg2
Qxd2+ 21. Kb3 Nd4+ 22. Kc4 Qxf2 23. Be4 Nc2 24. Rd1 Ne3+ 25. Kb3 Nxd1 26. Nxd1
Qxh2 27. Nb2 Qxg3+ 28. Kc2 Qf2+ 29. Kb3 f5 30. Bb1 b5 31. a4 Rg8 32. axb5 Rg3+
33. Ka2 Rd4 34. b6 Rg2 35. bxc7 Qxb2# 0-1

[Event "AUTO-INT-88"]
[Site "http://www.queenalice.com/game.php?id=165808"]
[Date "2007.2.9"]
[Round "3"]
[White "toguints"]
[Black "Antoine"]
[Result "0-1"]
[WhiteElo "1561"]
[BlackElo "1629"]

1. d4 Nf6 2. Bg5 Ne4 3. Nf3 Nxg5 4. Nxg5 e5 5. Nf3 exd4 6. Nxd4 d5 7. Nc3 Bb4 8.
Qd3 c5 9. Qb5+ Bd7 10. Qxb7 cxd4 11. Qxa8 dxc3 12. O-O-O cxb2+ 13. Kxb2 Qb6 14.
Qxd5 Be6 15. Qd3 Bd2+ 16. Ka1 Qa5 17. a3 Bc3+ 18. Kb1 Qb6+ 19. Kc1 Qb2# 0-1

[Event "AUTO-INT-88"]
[Site "http://www.queenalice.com/game.php?id=165809"]
[Date "2007.2.9"]
[Round "3"]
[White "Antoine"]
[Black "toguints"]
[Result "0-1"]
[WhiteElo "1577"]
[BlackElo "1589"]

1. Nf3 Nf6 2. c4 g6 3. Nc3 Bg7 4. e4 d5 5. e5 Nfd7 6. d4 e6 7. cxd5 exd5 8. Nxd5
O-O 9. Bg5 f6 10. Bc4 Kh8 11. exf6 Qe8+ 12. Be2 Na6 13. fxg7+ Kxg7 14. Qd2 Qe6
15. Bh6+ Kg8 16. Bxf8 Nxf8 17. Rc1 c6 18. Nc7 Nxc7 19. O-O Qd6 20. Bc4+ Be6 21.
a4 Nd7 22. d5 cxd5 23. Ng5 Nb6 24. b3 Rd8 0-1

[Event "AUTO-INT-88"]
[Site "http://www.queenalice.com/game.php?id=165810"]
[Date "2007.2.9"]
[Round "3"]
[White "MarceloLopes"]
[Black "Antoine"]
[Result "1-0"]
[WhiteElo "1712"]
[BlackElo "1642"]

1. e4 c5 2. d3 Nc6 3. a3 e6 4. Nf3 d5 5. e5 f6 6. d4 Qb6 7. c3 cxd4 8. exf6 Nxf6
9. cxd4 e5 10. dxe5 Ng4 11. Be3 Qxb2 12. Nbd2 Qc3 13. h3 1-0

[Event "AUTO-INT-88"]
[Site "http://www.queenalice.com/game.php?id=165811"]
[Date "2007.2.9"]
[Round "3"]
[White "Antoine"]
[Black "MarceloLopes"]
[Result "0-1"]
[WhiteElo "1629"]
[BlackElo "1725"]

1. d4 d5 2. Nf3 Nc6 3. c4 dxc4 4. d5 Nb4 5. Qa4+ c6 6. Qxb4 e6 7. Qxc4 cxd5 8.
Qb5+ Qd7 9. e4 dxe4 10. Ne5 a6 11. Qc4 Qd5 12. Nc3 Qxe5 0-1

[Event "AUTO-INT-141"]
[Site "http://www.queenalice.com/game.php?id=183677"]
[Date "2007.3.17"]
[Round "2"]
[White "Guillaume"]
[Black "Antoine"]
[Result "0-1"]
[WhiteElo "1513"]
[BlackElo "1573"]

1. e3 e5 2. Qf3 d5 3. Nc3 Nf6 4. a3 Nc6 5. h3 Bc5 6. b4 e4 7. Qg3 O-O 8. d4 Bd6
9. f4 Nd7 10. Nxd5 b5 11. Bxb5 Ne7 12. Nxe7+ Bxe7 13. Bc6 Bh4 14. Bxa8 Bxg3+ 15.
Ke2 Nf6 16. c4 Qd7 17. c5 c6 18. Bb2 Ba6+ 19. b5 Bxb5+ 20. Kd1 Rxa8 21. Ne2 Qd5
22. Nxg3 Qb3+ 23. Kc1 Qxe3+ 24. Kc2 Qd3+ 25. Kc1 Ba4 26. Nf5 Qc2# 0-1

[Event "AUTO-INT-141"]
[Site "http://www.queenalice.com/game.php?id=183678"]
[Date "2007.3.17"]
[Round "2"]
[White "Antoine"]
[Black "Guillaume"]
[Result "1-0"]
[WhiteElo "1561"]
[BlackElo "1465"]

1. e4 e5 2. Nc3 Nc6 3. d3 Nd4 4. Nf3 Nxf3+ 5. Qxf3 Bb4 6. Qg3 g6 7. Qxe5+ Ne7 8.
Qxh8+ Ng8 9. Qxg8+ Ke7 10. Bg5+ f6 11. Bxf6+ Kxf6 12. Qxd8+ Ke5 13. Qxc7+ Bd6
14. Qa5+ Ke6 15. Nb5 b6 16. Qc3 Ba6 17. Nd4+ Ke7 18. Nf3 Rc8 19. Qg7+ Ke6 20.
Ng5# 1-0

[Event "AUTO-INT-141"]
[Site "http://www.queenalice.com/game.php?id=183685"]
[Date "2007.3.17"]
[Round "2"]
[White "Antoine"]
[Black "jobjarna"]
[Result "0-1"]
[WhiteElo "1617"]
[BlackElo "1868"]

1. e4 e5 2. Nf3 d5 3. exd5 Qxd5 4. Nc3 Qc5 5. d4 exd4 6. Nxd4 Nf6 7. Bb5+ c6 8.
Bd3 Qxd4 9. O-O Be6 10. Nb5 Qd8 0-1